[Event "Aegean op 39th"]
[Site "Aghios Kirykos"]
[Date "2016.07.13"]
[Round "4"]
[White "Lazaridis, Stavros"]
[Black "Serdaris, Georgios"]
[Result "1-0"]
[WhiteElo "2044"]
[BlackElo "1707"]
[PlyCount "65"]
[EventDate "2016.07.11"]
[EventType "swiss"]
[EventRounds "9"]
[EventCountry "GRE"]
[SourceTitle "EXT 2017"]
[Source "ChessBase"]
[SourceDate "2016.10.25"]
[SourceVersion "1"]
[SourceVersionDate "2016.10.25"]
[SourceQuality "1"]

1. e4 c6 2. d4 d5 3. e5 Bf5 4. h4 h6 5. g4 Bh7 6. e6 fxe6 7. Bd3 Qd6 8. Bxh7 Rxh7 9. Qd3 Nf6 10. Qg6+ Kd8 11. f4 Rh8 12. Nf3 Nbd7 13. Ne5 Nxe5 14. fxe5 Qc7 15. Nc3 c5 16. Be3 cxd4 17. Bxd4 Nd7 18. Qxe6 Qc6 19. Qxd5 Rc8 20. e6 Qxd5 21. Nxd5 Nc5 22. Nf4 Rc6 23. 0-0-0 Kc8 24. Bxc5 Rxc5 25. Ng6 Rg8 26. Rhf1 Kc7 27. Rf4 Rc6 28. Nxf8 g5 29. hxg5 Rxg5 30. Rd7+ Kb6 31. Rb4+ Ka5 32. Rdxb7 a6 33. b3 1-0